| 000 | 00896nam a22002537a 4500 | ||
|---|---|---|---|
| 001 | 44644 | ||
| 003 | BD-RjUL | ||
| 005 | 20211209053908.0 | ||
| 008 | 160718s1964 bg ||||| |||| 00| 0 ben d | ||
| 020 | _c: TK 3.75 | ||
| 035 | _a(BD-RjUL)44762 | ||
| 040 |
_aBD-RjUL _bben _cBD-RjUL |
||
| 041 | _aben | ||
| 082 |
_223 _a297 _bGAS 1964 |
||
| 100 |
_aগাজ্জালী, ইমাম মোহাম্মদ _9135460 |
||
| 245 | 1 | 0 |
_aসৌভাগ্য-স্পর্শমণি / _cইমাম মোহাম্মদ গাজ্জালী |
| 250 | _a৫ম সং. | ||
| 260 |
_aরাজশাহী : _bআলী ইউসুফ, _c১৯৬৪ |
||
| 300 |
_a খণ্ড ; _c২১ সেমি. |
||
| 505 | 0 | _aখণ্ড ২ , এবাদৎ পুস্তক -- | |
| 650 |
_aইসলাম _9135461 |
||
| 650 |
_aIslam _9135462 |
||
| 942 |
_2ddc _cBK |
||
| 999 |
_c44644 _d44644 |
||